Countries with jaguars - Statistics

General Stats
  • This quiz has been taken 63 times
  • The average score is 18 of 19
Answer Stats
Answer % Correct
Brazil
100%
Mexico
98%
Venezuela
98%
Argentina
97%
Colombia
97%
Nicaragua
97%
Panama
97%
Paraguay
97%
Peru
97%
Bolivia
95%
Ecuador
95%
United States
95%
Honduras
93%
Belize
90%
Costa Rica
90%
Guatemala
90%
Suriname
90%
Guyana
88%
France
71%
No matching quizzes found
Score Distribution
Percent of People with Each Score
Percentile by Number Answered
Your Score History
You have not taken this quiz